|
|
|
|
| LEADER |
00000nam0a2200000 4500 |
| 001 |
91548 |
| 005 |
20231101213759.0 |
| 035 |
|
|
|a (RuTPU)RU\TPU\book\98136
|
| 090 |
|
|
|a 91548
|
| 100 |
|
|
|a 20060227d1970 km y0rusy50 ca
|
| 101 |
1 |
|
|a rus
|c eng
|
| 102 |
|
|
|a RU
|
| 105 |
|
|
|a a z 001zy
|
| 200 |
1 |
|
|a Магнитный резонанс и его применение в химии
|e пер. с англ.
|f А. Керрингтон, Э. Мак-Лечлан
|g под ред. А. Н. Ермакова
|
| 210 |
|
|
|a Москва
|c Мир
|d 1970
|
| 215 |
|
|
|a 447 с.
|c черт.
|
| 320 |
|
|
|a Библиогр. в конце глав
|
| 606 |
1 |
|
|a Ядерный магнитный резонанс (ЯМР)
|x (химия)
|2 stltpush
|3 (RuTPU)RU\TPU\subj\73726
|9 86559
|
| 610 |
1 |
|
|a химические исследования
|
| 610 |
1 |
|
|a ЭПР
|
| 610 |
1 |
|
|a релаксация
|
| 610 |
1 |
|
|a возмущений теория
|
| 675 |
|
|
|a 543.429.2
|v 3
|
| 700 |
|
1 |
|a Керрингтон
|b А.
|
| 701 |
|
1 |
|a Мак-Лечлан
|b Э.
|
| 702 |
|
1 |
|a Ермаков
|b А. Н.
|4 340
|
| 801 |
|
1 |
|a RU
|b 63413507
|c 20060227
|g PSBO
|
| 801 |
|
2 |
|a RU
|b 63413507
|c 20190812
|g PSBO
|
| 942 |
|
|
|c BK
|